Normal view
MARC view
- Huero Bonilla, María de la Luz
Entry Nombre Personal
001 - NUMERO DE CONTROL
- campo de control: 50157
003 - IDENTIFICADOR DE NUMERO DE CONTROL
- campo de control: MX-MxUPN
005 - FECHA Y HORA DE LA ÜLTIMA TRANSACCIÓN
- campo de control: 20231005194818.0
008 - DATOS DE LONGITUD FIJA
- campo de control de longitud fija: 231005nn acnnnbabn n ana d
040 ## - FUENTE DE CATALOGACIÓN
- Agencia original de catalogación: MX-MxUPN
- Lenguaje de catalogación: spa
100 1# - ENCABEZAMIENTO - NOMBRE PERSONAL
- Nombre personal: Huero Bonilla, María de la Luz
400 1# - VEÁSE - NOMBRE DE PERSONA
- Personal name: Bonilla, María de la Luz Huero
670 ## - FUENTE EN LA QUE SE LOCALIZARON DATOS
- Cita de la fuente: Tajkuilolis kejkejpalis ika in tatilinkatanauatilmej ika in ixpololis uan xokolilis, 2022 :
- Información localizada: reverso de la portada (María de la Luz Huero Bonilla)
902 ## - CATALOGADOR
- Catalogador: VíctorGodínez/051023
